000
00329nam a2200169Ia 4500
100
_a
Eckel/ Bruce
250
_a
2
490
_v
I
942
_c
BK
654
_a
C++
245
_a
Thinking in C++ VI
260
_b
Prentice Hall
_c
2000
082
_a
005.133'C++
_b
ECK
300
_a
814
546
_a
ENGLISH
999
_c
34075
_d
34075